| 000 | 00402pab a2200157 454500 | ||
|---|---|---|---|
| 008 | 180718b2005 xxu||||| |||| 00| 0 eng d | ||
| 100 | _aSingh, Bhartendu Kumar | ||
| 245 | _aThe political economy of China's defence modernisation | ||
| 260 | _c2005 | ||
| 300 | _ap.680-705. | ||
| 362 | _aOct-Dec | ||
| 650 | _aChina - Defence | ||
| 650 | _aDefence | ||
| 773 | _aStrategic Analysis | ||
| 909 | _a69096 | ||
| 999 |
_c69096 _d69096 |
||